000 00568nam a2200193Ia 4500
003 OSt
005 20251230123254.0
008 210210b1957 xxu||||| |||| 00| 0 eng d
040 _cAL
041 _aKannada
082 _a859/2162
100 _aSITARAMA SHASTRI
_9158341
_dಸೀತಾರಾಮ ಶಾಸ್ತ್ರಿ
245 _aPattanada dange-1:
_bಪಟ್ಟಣದ ದಂಗೆ ೧
260 _aBengaluru
_b-
_c1957
690 _aKannada Fiction
_9158342
700 _aVIRAKESARI
_9158343
_dವೀರಕೇಸರಿ.
906 _a022875
942 _2ddc
_cBK
999 _c147573
_d147573